Group structure of gauge theories /

Guardado en:
Autor Principal: O'Raifeartaigh, L.
Formato: Libro
Idioma:English
Publicado: Cambridge : Cambridge University Press, 1986.
Series:Cambridge monographs on mathematical physics
Materias:
Acceso en línea:Publisher description
Google Book Search
Etiquetas: Agregar Etiqueta
Sin Etiquetas, Sea el primero en etiquetar este registro!
LEADER 01571pam a2200289 a 4500
001 MAT.inmabb004328
008 850401s1986####enk######b####001#0#eng##
005 20130222115326.0
245 1 0 |a Group structure of gauge theories /  |c L. O'Raifeartaigh. 
260 |a Cambridge :  |b Cambridge University Press,  |c 1986. 
300 |a ix, 172 p. ;  |c 24 cm. 
440 0 |a Cambridge monographs on mathematical physics 
504 |a Incluye referencias bibliográficas (p. 154-161), glosario e índice. 
505 0 |a Part I, Group structure: 1. Global properties of groups and Lie groups; 2. Local properties of Lie groups; 3. Lie algebras; 4. Hermitian irreducible representations of compact simple Lie algebras; 5. Continuous unitary irreducible representations (CUIRs) of compact Lie groups; 6. Rigid internal groups -- Part II, Gauge theory: 7. The gauge principle; 8. Spontaneous symmetry breaking; 9. Gauge theory of the non-gravitational interactions; 10. Grand unification; 11. Orbit structure; 12. The scalar potential. 
510 4 |a MR,  |c 87i:81004 
020 |a 0521252938 
020 |a 0521347858 (pbk.) 
100 1 |a O'Raifeartaigh, L.  |q (Lochlainn) 
650 0 |a Gauge fields (Physics) 
650 0 |a Broken symmetry (Physics) 
650 0 |a Lie groups. 
084 |a 81-02 (22E70 81T13)  |2 msc2000 
010 |a  85007828  
040 |a DLC  |c DLC  |d DLC 
856 4 2 |3 Publisher description  |u http://www.loc.gov/catdir/description/cam031/85007828.html 
856 4 |u http://books.google.com/books?vid=ISBN0521347858  |y Google Book Search 
859 |h 81  |i Or63  |p A-6318  |b BIB. MATEMATICA